| 000 | 00448nam a2200109Ia 4500 | ||
|---|---|---|---|
| 008 | 220512s9999 xx 000 0 eng d | ||
| 100 | _aBhui, Ujjwal | ||
| 245 | 0 |
_aLivelihood in the Era of global tourism : a sociological study of some tourist service providing occupational groups in darjeeling himalaya / _cBhui, Ujjwal |
|
| 260 |
_aWest Bengal : _bCentre for Himalayas Studies University of North Bengal, _cJul-05 |
||
| 546 | _aEnglish | ||
| 942 | _cPR | ||
| 999 |
_c36954 _d36954 |
||